Inmersión temática : el currículo basado en la indagación para los primeros años y años intermedios de la escuela elemental /

Obra que ofrece un marco teórico para comprender y poner en práctica un proceso educativo basado en la inversión temática. Esta técnica establece una nueva relación entre alumnos y maestro, porque todos participan tanto de la selección del tema a estudiar como en el desarrollo de la clase misma.

Guardado en:
Detalles Bibliográficos
Autor principal: Manning, Maryann (autor)
Otros autores: Manning, Gary (autor) (autor), Long, Roberta (autor) (autor)
Formato: Libro
Idioma:Español
Publicado: Barcelona, España : Gedisa, 2000, c2000
Colección:(Biblioteca de Educación. Didáctica General ; 6)
Temas:
Etiquetas: Agrega una etiqueta
Sin etiquetas, Sé el primero en etiquetar este registro!

MARC

LEADER 00000nam^a2200000^a^4500
001 000115297
005 20250521000000.0
009 20260310094049.992
020 |a 84-7432-727-X 
037 |a Acervo ITESO - Biblioteca 
041 |a ESP 
082 |a 371. 39  |b MAN 
100 |a Manning, Maryann  |e (autor) 
245 1 0 |a Inmersión temática :  |b el currículo basado en la indagación para los primeros años y años intermedios de la escuela elemental /  |c M. Manning, G. Manning, R. Long ; tr. por Graciela Fondo. 
264 4 |a Barcelona, España :  |b Gedisa,  |c 2000, c2000 
300 |a 207 p. 
336 |a texto  |b txt  |2 rdacontenido 
337 |a sin mediación  |b n  |2 rdamedio 
338 |a volumen  |b nc  |2 rdasoporte 
440 1 |a (Biblioteca de Educación.  |p Didáctica General ;  |v 6) 
500 |a Traducción de: Theme immersion: inquiry-based curriculum in elementary and middle schools 
520 |a Obra que ofrece un marco teórico para comprender y poner en práctica un proceso educativo basado en la inversión temática. Esta técnica establece una nueva relación entre alumnos y maestro, porque todos participan tanto de la selección del tema a estudiar como en el desarrollo de la clase misma. 
649 |a XX 
650 |a Niños 
650 |a Aprendizaje mediante Descubrimiento 
650 |a Investigación 
650 |a Metodología Educativa 
650 |a Innovación Educativa 
650 |a Currículo 
650 |a Proceso Educativo 
650 |a Educación Primaria 
700 |a Manning, Gary  |e (autor) 
700 |a Long, Roberta  |e (autor) 
910 |a Fondo General 
920 |a Impresos - Libros 
930 |a Colección General 
905 |a 101 
901 |a 0500051601  |b IT1  |c ACC  |u 20250521 
901 |a 0500047744  |b IT1  |c ACC  |u 20250521 
901 |a 0500160081  |b IT1  |c ACC  |u 20250521 
902 |a https://opac.biblio.iteso.mx/vufind/Record/000115297